| 000 | 01118nam a2200301 a 4500 | ||
|---|---|---|---|
| 001 | 000028298 | ||
| 003 | DO-SdBNP | ||
| 005 | 20240306092253.0 | ||
| 007 | ta | ||
| 008 | 240306s1990 dr ac 000 0 spa d | ||
| 040 |
_aDO-SdBNP _bspa _cBNPHU _erda |
||
| 082 |
_a021.7 _bF356 _222 |
||
| 111 | 2 |
_a1ra Feria del Libro y La cultura Bani 90 _n(1ª : _ddel 3 al 11 de marzo _c226 Aniversario de la Fundación de Bani , República Dominicana) _955290 |
|
| 245 | 1 | 0 |
_a1ra Feria del libro y la cultura Bani 90 : _ben honor a Héctor Colombino Perelló, Programa. |
| 246 | 1 | 3 | _aPrimera Feria del libro y la cultura Bani 90 |
| 264 |
_aBani, República Dominicana : _bAsociación de Arte y Cultura de la Provincia Peravia, _c1990 |
||
| 300 |
_a10 paginas. ; _c23 cm. |
||
| 336 |
_2rdacontent _atexto _btxt |
||
| 337 |
_2rdamedia _asin mediación _bn |
||
| 338 |
_2rdacarrier _avolumen _bnc |
||
| 500 | _aEn honor a : Héctor Colombo Perelló, en el 226 aniversario de la Fundación de Bani | ||
| 590 | _aInventariado,2024/DG | ||
| 611 | _955291 | ||
| 650 | _955292 | ||
| 650 | _955293 | ||
| 910 | _aDG | ||
| 942 |
_2ddc _cLF2 |
||
| 999 |
_c56039 _d56039 |
||